[Event "C10"]
[Site "?"]
[Date "2020.08.28"]
[Round "8.10"]
[White "Wojtacha, Krzysztof"]
[Black "Kania, Franciszek"]
[Result "1-0"]
[BlackElo "1120"]
[WhiteElo "1287"]
[LiveChessVersion "1.4.8"]

1. e4 {[%clk 0:15:18]} c5 {[%clk 0:15:19]} 2. Nf3 {[%clk 0:15:25]} Nc6
{[%clk 0:15:27]} 3. Bb5 {[%clk 0:15:33]} e6 {[%clk 0:15:34]} 4. Bxc6
{[%clk 0:15:39]} bxc6 {[%clk 0:15:42]} 5. d3 {[%clk 0:15:44]} d5 {[%clk 0:15:44]}
6. e5 {[%clk 0:15:50]} Ne7 {[%clk 0:15:50]} 7. b3 {[%clk 0:15:45]} Ng6
{[%clk 0:15:57]} 8. Ba3 {[%clk 0:15:41]} Be7 {[%clk 0:15:43]} 9. Nc3
{[%clk 0:15:45]} Qa5 {[%clk 0:15:11]} 10. Bb2 {[%clk 0:14:57]} d4
{[%clk 0:15:14]} 11. Qd2 {[%clk 0:14:35]} dxc3 {[%clk 0:15:21]} 12. Bxc3
{[%clk 0:14:43]} Qc7 {[%clk 0:15:28]} 13. O-O-O {[%clk 0:14:42]} a5
{[%clk 0:15:17]} 14. a4 {[%clk 0:14:42]} Bb7 {[%clk 0:15:17]} 15. h4
{[%clk 0:14:19]} c4 {[%clk 0:14:36]} 16. dxc4 {[%clk 0:13:48]} Nf8
{[%clk 0:13:56]} 17. Ng5 {[%clk 0:12:49]} Bxg5 {[%clk 0:12:25]} 18. Qxg5
{[%clk 0:12:44]} Rg8 {[%clk 0:12:00]} 19. Rd6 {[%clk 0:12:11]} Qe7
{[%clk 0:11:09]} 20. Qd2 {[%clk 0:12:04]} Nd7 {[%clk 0:10:35]} 21. Rd1
{[%clk 0:11:48]} Bc8 {[%clk 0:10:16]} 22. Bxa5 {[%clk 0:10:49]} f6
{[%clk 0:09:42]} 23. exf6 {[%clk 0:10:15]} Qxf6 {[%clk 0:09:40]} 24. Bc3
{[%clk 0:10:17]} Qe7 {[%clk 0:08:43]} 25. Rxc6 {[%clk 0:09:49]} Kf7
{[%clk 0:08:25]} 26. Qf4+ {[%clk 0:09:05]} Ke8 {[%clk 0:08:11]} 27. Rdd6
{[%clk 0:08:39]} Nf6 {[%clk 0:07:31]} 28. Qe5 {[%clk 0:07:51]} Kf7
{[%clk 0:06:47]} 29. Rd4 {[%clk 0:06:28]} Ra7 {[%clk 0:06:17]} 30. Qd6
{[%clk 0:05:41]} Qxd6 {[%clk 0:06:07]} 31. Rcxd6 {[%clk 0:05:35]} Bb7
{[%clk 0:05:19]} 32. f3 {[%clk 0:05:03]} e5 {[%clk 0:04:48]} 33. Rd1
{[%clk 0:05:02]} Re8 {[%clk 0:04:51]} 34. Bb4 {[%clk 0:03:42]} h6
{[%clk 0:03:23]} 35. Bc5 {[%clk 0:03:45]} Ra5 {[%clk 0:02:39]} 36. Bb6
{[%clk 0:03:47]} Ra6 {[%clk 0:02:42]} 37. a5 {[%clk 0:03:42]} Kg6
{[%clk 0:02:49]} 38. b4 {[%clk 0:02:39]} Rc8 {[%clk 0:02:35]} 39. c5
{[%clk 0:02:36]} Bc6 {[%clk 0:01:54]} 40. Rxc6 {[%clk 0:01:58]} Rxc6
{[%clk 0:02:02]} 41. b5 {[%clk 0:02:07]} Rcxb6 {[%clk 0:01:57]} 42. axb6
{[%clk 0:01:45]} Ra1+ {[%clk 0:01:33]} 43. Kd2 {[%clk 0:01:45]} Ra5
{[%clk 0:01:31]} 44. c4 {[%clk 0:01:34]} Ra2+ {[%clk 0:01:36]} 45. Ke1
{[%clk 0:01:35]} Ra8 {[%clk 0:01:26]} 46. b7 {[%clk 0:01:39]} Rb8
{[%clk 0:01:35]} 47. c6 {[%clk 0:01:47]} Ne8 {[%clk 0:01:38]} 48. b6
{[%clk 0:01:53]} Kf6 {[%clk 0:01:13]} 49. c7 {[%clk 0:01:55]} Nxc7
{[%clk 0:01:20]} 50. bxc7 {[%clk 0:02:02]} Rxb7 {[%clk 0:01:28]} 51. c8=Q
{[%clk 0:02:03]} Re7 {[%clk 0:01:36]} 52. Rd6+ {[%clk 0:02:07]} Kf7
{[%clk 0:01:44]} 53. Rd7 {[%clk 0:02:13]} Rxd7 {[%clk 0:01:51]} 54. Qxd7+
{[%clk 0:02:20]} Kf6 {[%clk 0:01:59]} 55. c5 {[%clk 0:02:26]} Kg6
{[%clk 0:02:06]} 56. c6 {[%clk 0:02:35]} Kh5 {[%clk 0:02:13]} 57. Qg4#
{[%clk 0:02:39]} 1-0

[Event "C10"]
[Site "?"]
[Date "2020.08.28"]
[Round "9.1"]
[White "Suska, Szymon"]
[Black "Sowinski, Pawel"]
[Result "0-1"]
[BlackElo "1497"]
[WhiteElo "1552"]
[LiveChessVersion "1.4.8"]

1. e4 {[%clk 0:15:18]} c5 {[%clk 0:15:19]} 2. Nf3 {[%clk 0:15:26]} e6
{[%clk 0:15:29]} 3. d4 {[%clk 0:15:34]} cxd4 {[%clk 0:15:38]} 4. Nxd4 Nc6 5. Nc3
{[%clk 0:15:41]} Qc7 {[%clk 0:15:56]} 6. Be3 {[%clk 0:15:45]} a6 {[%clk 0:16:06]}
7. f3 {[%clk 0:15:50]} Nf6 {[%clk 0:16:14]} 8. Qd2 {[%clk 0:15:53]} d6
{[%clk 0:16:23]} 9. O-O-O {[%clk 0:15:57]} Bd7 {[%clk 0:16:32]} 10. g4
{[%clk 0:15:59]} Be7 {[%clk 0:16:21]} 11. h4 {[%clk 0:16:00]} Rc8
{[%clk 0:16:20]} 12. Be2 {[%clk 0:15:14]} b5 {[%clk 0:16:23]} 13. g5
{[%clk 0:15:18]} Nh5 {[%clk 0:16:09]} 14. Nb3 {[%clk 0:12:45]} Ng3
{[%clk 0:13:16]} 15. Rhg1 {[%clk 0:12:28]} Nxe2+ {[%clk 0:13:14]} 16. Qxe2
{[%clk 0:12:19]} Ne5 {[%clk 0:13:13]} 17. Bd4 {[%clk 0:11:09]} b4
{[%clk 0:13:14]} 18. Bxe5 {[%clk 0:09:46]} dxe5 {[%clk 0:13:22]} 19. Nb1
{[%clk 0:08:15]} Bb5 {[%clk 0:13:28]} 20. Qf2 {[%clk 0:07:48]} a5
{[%clk 0:13:30]} 21. c3 {[%clk 0:06:22]} a4 {[%clk 0:13:29]} 22. N3d2
{[%clk 0:05:44]} a3 {[%clk 0:12:39]} 23. bxa3 {[%clk 0:04:19]} bxc3
{[%clk 0:12:41]} 24. Nb3 {[%clk 0:04:20]} c2 {[%clk 0:12:48]} 25. Rd2
{[%clk 0:03:44]} cxb1=N+ {[%clk 0:12:25]} 26. Kxb1 {[%clk 0:03:44]} Bxa3
{[%clk 0:12:18]} 27. h5 {[%clk 0:03:28]} O-O {[%clk 0:11:53]} 28. g6
{[%clk 0:03:07]} fxg6 {[%clk 0:12:02]} 29. hxg6 {[%clk 0:03:09]} h6
{[%clk 0:12:11]} 30. f4 {[%clk 0:02:40]} Rxf4 {[%clk 0:12:14]} 31. Qe3
{[%clk 0:02:37]} Bc6 {[%clk 0:12:07]} 32. Ka1 {[%clk 0:01:57]} Bxe4
{[%clk 0:11:49]} 33. Qe2 {[%clk 0:01:52]} Qc3+ {[%clk 0:11:54]} 0-1

[Event "C10"]
[Site "?"]
[Date "2020.08.28"]
[Round "9.2"]
[White "Ochedzan, Filip"]
[Black "Obrycki, Tomasz"]
[Result "1-0"]
[BlackElo "1295"]
[WhiteElo "1371"]
[LiveChessVersion "1.4.8"]

1. e4 {[%clk 0:15:19]} c5 {[%clk 0:15:19]} 2. Nf3 {[%clk 0:15:28]} e6
{[%clk 0:15:28]} 3. d4 {[%clk 0:15:36]} cxd4 {[%clk 0:15:36]} 4. Nxd4
{[%clk 0:15:44]} Nf6 {[%clk 0:15:43]} 5. Bd3 {[%clk 0:15:50]} d6 {[%clk 0:15:48]}
6. O-O {[%clk 0:15:48]} Be7 {[%clk 0:15:56]} 7. Qe2 {[%clk 0:15:54]} a6
{[%clk 0:16:04]} 8. f4 {[%clk 0:15:49]} Nc6 {[%clk 0:16:00]} 9. Nxc6
{[%clk 0:15:53]} bxc6 {[%clk 0:16:09]} 10. c4 {[%clk 0:15:43]} O-O
{[%clk 0:15:50]} 11. Nc3 {[%clk 0:15:46]} Nd7 {[%clk 0:15:09]} 12. Be3
{[%clk 0:15:37]} Bf6 {[%clk 0:15:07]} 13. Rac1 {[%clk 0:15:07]} Bb7
{[%clk 0:14:53]} 14. Rfd1 {[%clk 0:14:42]} Qe7 {[%clk 0:14:36]} 15. Bb1
{[%clk 0:14:12]} Rfd8 {[%clk 0:13:48]} 16. Qd3 {[%clk 0:12:58]} Nf8
{[%clk 0:13:24]} 17. Qe2 {[%clk 0:12:18]} Bxc3 {[%clk 0:12:48]} 18. Rxc3
{[%clk 0:12:17]} c5 {[%clk 0:12:25]} 19. Qg4 {[%clk 0:11:18]} g6 {[%clk 0:11:56]}
20. f5 {[%clk 0:09:47]} exf5 {[%clk 0:11:39]} 21. exf5 {[%clk 0:09:55]} Bc8
{[%clk 0:08:43]} 22. Qg3 {[%clk 0:09:06]} Kh8 {[%clk 0:04:41]} 23. fxg6
{[%clk 0:07:55]} Nxg6 {[%clk 0:04:00]} 24. Re1 {[%clk 0:07:19]} Qf8
{[%clk 0:02:54]} 25. Bg5 {[%clk 0:06:56]} Re8 {[%clk 0:01:26]} 26. Bf6+
{[%clk 0:06:21]} Kg8 {[%clk 0:01:34]} 27. Rxe8 {[%clk 0:06:15]} Qxe8
{[%clk 0:01:42]} 28. Re3 {[%clk 0:06:06]} Qd7 {[%clk 0:01:01]} 29. Bf5
{[%clk 0:06:00]} Qa4 {[%clk 0:00:22]} 30. b3 {[%clk 0:05:53]} 1-0

[Event "C10"]
[Site "?"]
[Date "2020.08.28"]
[Round "9.3"]
[White "Rozanski, Mateusz"]
[Black "Zmarzly, Wiktor"]
[Result "1-0"]
[BlackElo "1313"]
[WhiteElo "1582"]
[LiveChessVersion "1.4.8"]

1. e4 {[%clk 0:15:18]} c5 {[%clk 0:15:19]} 2. Nf3 {[%clk 0:15:26]} Nc6
{[%clk 0:15:28]} 3. d4 {[%clk 0:15:35]} cxd4 {[%clk 0:15:37]} 4. Nxd4
{[%clk 0:15:44]} Nf6 {[%clk 0:15:46]} 5. Nc3 {[%clk 0:15:52]} d6 {[%clk 0:15:55]}
6. Be3 {[%clk 0:15:58]} Ng4 {[%clk 0:16:03]} 7. Bb5 {[%clk 0:16:06]} Nxe3
{[%clk 0:15:52]} 8. Nxc6 {[%clk 0:16:13]} Nxd1 {[%clk 0:14:55]} 9. Nxd8+
{[%clk 0:16:12]} Kxd8 {[%clk 0:15:04]} 10. Rxd1 {[%clk 0:16:17]} a6
{[%clk 0:15:02]} 11. Bc4 {[%clk 0:16:21]} Be6 {[%clk 0:14:16]} 12. Bxe6
{[%clk 0:16:18]} fxe6 {[%clk 0:14:24]} 13. f4 {[%clk 0:16:17]} g6
{[%clk 0:14:01]} 14. e5 {[%clk 0:16:21]} d5 {[%clk 0:14:09]} 15. Ne4
{[%clk 0:16:27]} Rc8 {[%clk 0:12:24]} 16. c3 {[%clk 0:16:30]} Ke8
{[%clk 0:08:48]} 17. Ng5 {[%clk 0:16:32]} Rc6 {[%clk 0:08:51]} 18. g3
{[%clk 0:16:38]} h6 {[%clk 0:08:51]} 19. Nf3 {[%clk 0:16:46]} Bg7
{[%clk 0:08:52]} 20. a4 {[%clk 0:16:46]} Kf7 {[%clk 0:07:57]} 21. O-O
{[%clk 0:16:38]} Rc4 {[%clk 0:07:38]} 22. Rd4 {[%clk 0:16:35]} Rhc8
{[%clk 0:07:19]} 23. Rfd1 {[%clk 0:16:34]} Ke8 {[%clk 0:06:15]} 24. Rxc4
{[%clk 0:16:41]} Rxc4 {[%clk 0:06:16]} 25. Rd4 {[%clk 0:16:49]} Rc6
{[%clk 0:06:14]} 26. Rb4 {[%clk 0:16:51]} Rc4 {[%clk 0:04:41]} 27. Rxc4
{[%clk 0:16:54]} dxc4 {[%clk 0:04:50]} 28. Nd4 {[%clk 0:17:01]} Kd7
{[%clk 0:04:57]} 29. Kf2 {[%clk 0:17:08]} g5 {[%clk 0:05:03]} 30. h4
{[%clk 0:17:13]} b6 {[%clk 0:03:45]} 31. h5 {[%clk 0:17:09]} gxf4
{[%clk 0:03:47]} 32. gxf4 {[%clk 0:17:17]} Bh8 {[%clk 0:03:48]} 33. Kf3
{[%clk 0:17:16]} Bg7 {[%clk 0:03:55]} 34. Ke4 {[%clk 0:17:20]} Bh8
{[%clk 0:03:50]} 35. Nc2 {[%clk 0:17:22]} b5 {[%clk 0:03:42]} 36. axb5
{[%clk 0:17:25]} axb5 {[%clk 0:03:48]} 37. Nd4 {[%clk 0:17:32]} Bg7
{[%clk 0:03:34]} 38. Nxb5 {[%clk 0:17:39]} Kc6 {[%clk 0:03:41]} 39. Nd4+
{[%clk 0:17:46]} Kd7 {[%clk 0:03:47]} 40. Nf3 {[%clk 0:17:43]} Kc6 41. Nd4+
{[%clk 0:17:50]} Kd7 {[%clk 0:03:53]} 42. Nc2 {[%clk 0:17:58]} Kc6
{[%clk 0:04:10]} 43. Kd4 {[%clk 0:18:06]} Kb5 44. Na3+ {[%clk 0:18:15]} Ka4
{[%clk 0:04:16]} 45. Kxc4 {[%clk 0:18:22]} Bh8 {[%clk 0:04:20]} 46. Nb5
{[%clk 0:18:29]} Bg7 {[%clk 0:04:27]} 47. Nd4 {[%clk 0:18:37]} Ka5
{[%clk 0:04:31]} 48. Nxe6 {[%clk 0:18:45]} Bh8 {[%clk 0:04:39]} 49. b4+
{[%clk 0:18:50]} Kb6 50. b5 {[%clk 0:18:59]} Kb7 {[%clk 0:04:50]} 51. Kc5
{[%clk 0:19:06]} Kc8 {[%clk 0:04:49]} 52. Kc6 {[%clk 0:19:15]} Kb8
{[%clk 0:04:58]} 53. c4 {[%clk 0:19:23]} Kc8 {[%clk 0:05:06]} 54. c5
{[%clk 0:19:31]} Kb8 {[%clk 0:05:15]} 55. b6 {[%clk 0:19:39]} Kc8
{[%clk 0:05:23]} 56. b7+ {[%clk 0:19:48]} Kb8 {[%clk 0:05:32]} 57. Kb6
{[%clk 0:19:56]} Bxe5 {[%clk 0:05:40]} 58. Ka6 {[%clk 0:19:47]} Bc3
{[%clk 0:05:35]} 59. Nd8 {[%clk 0:19:52]} e5 {[%clk 0:05:34]} 60. Nc6+
{[%clk 0:19:56]} Kc7 {[%clk 0:05:43]} 61. b8=Q+ {[%clk 0:20:04]} Kxc6
{[%clk 0:05:50]} 62. Qd6# 1-0

[Event "C10"]
[Site "?"]
[Date "2020.08.28"]
[Round "9.4"]
[White "Witczak, Borys"]
[Black "Butkiewicz, Jan"]
[Result "1/2-1/2"]
[BlackElo "1301"]
[WhiteElo "1488"]
[LiveChessVersion "1.4.8"]

1. e4 c5 2. Nf3 Nc6 3. d4 cxd4 4. Nxd4 Nf6 5. Nc3 e6 6. Be3 Bb4 7. f3 Qa5 8. Qd2
d5 9. Nxc6 bxc6 10. e5 Nd7 11. O-O-O c5 12. a3 Bxa3 13. Nb5 Bb4 14. Nd6+ Kf8 15.
c3 Qa1+ 16. Kc2 Qa4+ 17. Kc1 Qa1+ 18. Kc2 Qa4+ 19. Kc1 Qa1+ 20. Kc2 Qa4+ 1/2-1/2

[Event "C10"]
[Site "?"]
[Date "2020.08.28"]
[Round "9.5"]
[White "Kudraszow, Filip"]
[Black "Karaszewski, Gabriel"]
[Result "1/2-1/2"]
[BlackElo "1385"]
[WhiteElo "1217"]
[LiveChessVersion "1.4.8"]

1. e4 {[%clk 0:15:19]} c5 {[%clk 0:15:20]} 2. Nf3 {[%clk 0:15:27]} Nc6
{[%clk 0:15:29]} 3. Bb5 {[%clk 0:15:34]} e6 {[%clk 0:15:38]} 4. Bxc6
{[%clk 0:15:33]} bxc6 {[%clk 0:15:47]} 5. d4 {[%clk 0:15:39]} cxd4
{[%clk 0:15:56]} 6. Nxd4 {[%clk 0:15:47]} Nf6 {[%clk 0:16:05]} 7. Bg5
{[%clk 0:15:39]} Qa5+ {[%clk 0:16:12]} 8. Bd2 {[%clk 0:15:44]} Qb6
{[%clk 0:16:20]} 9. Nb3 {[%clk 0:14:43]} Nxe4 {[%clk 0:16:27]} 10. Be3
{[%clk 0:14:52]} Qb4+ {[%clk 0:16:15]} 11. c3 {[%clk 0:14:51]} Qb5
{[%clk 0:15:57]} 12. N1d2 {[%clk 0:14:51]} Nxd2 {[%clk 0:16:04]} 13. Qxd2
{[%clk 0:14:59]} Be7 {[%clk 0:15:57]} 14. Nd4 {[%clk 0:14:56]} Qd5
{[%clk 0:15:56]} 15. O-O {[%clk 0:14:53]} O-O {[%clk 0:15:52]} 16. b3
{[%clk 0:14:30]} c5 {[%clk 0:15:44]} 17. c4 {[%clk 0:13:41]} Qd6 {[%clk 0:15:25]}
18. Nb5 {[%clk 0:13:48]} Qxd2 19. Bxd2 {[%clk 0:13:57]} Bb7 {[%clk 0:15:32]} 20.
Bf4 {[%clk 0:13:58]} d5 {[%clk 0:14:44]} 21. cxd5 {[%clk 0:14:03]} exd5
{[%clk 0:14:53]} 22. Rfd1 {[%clk 0:14:08]} Rfd8 {[%clk 0:14:05]} 23. Rac1
{[%clk 0:14:03]} c4 {[%clk 0:13:38]} 24. bxc4 {[%clk 0:13:44]} dxc4
{[%clk 0:13:46]} 25. Rxd8+ {[%clk 0:13:50]} Rxd8 {[%clk 0:13:55]} 26. Nxa7
{[%clk 0:13:52]} Rd5 {[%clk 0:13:44]} 27. h3 {[%clk 0:13:24]} Ra5
{[%clk 0:13:00]} 28. Be3 {[%clk 0:13:32]} Rxa2 {[%clk 0:12:46]} 29. Rxc4
{[%clk 0:13:36]} Ra1+ {[%clk 0:12:50]} 30. Kh2 {[%clk 0:13:43]} Bd6+
{[%clk 0:12:56]} 31. f4 {[%clk 0:13:13]} Ra2 {[%clk 0:12:52]} 32. h4
{[%clk 0:12:36]} Rxg2+ {[%clk 0:12:09]} 33. Kh3 {[%clk 0:12:45]} h6
{[%clk 0:12:02]} 34. Nb5 {[%clk 0:12:44]} Rg6 {[%clk 0:08:12]} 35. Bf2
{[%clk 0:12:05]} Bb8 {[%clk 0:04:55]} 36. Bg3 {[%clk 0:11:50]} Kh7
{[%clk 0:03:42]} 37. Nd4 {[%clk 0:11:49]} Bd5 {[%clk 0:03:36]} 38. Rc5
{[%clk 0:11:45]} Be6+ {[%clk 0:03:12]} 39. Nxe6 {[%clk 0:11:23]} Rxe6
{[%clk 0:03:18]} 40. Rc4 {[%clk 0:11:16]} Re3 {[%clk 0:03:15]} 41. Kg2
{[%clk 0:09:24]} g5 {[%clk 0:03:10]} 42. hxg5 {[%clk 0:09:18]} hxg5
{[%clk 0:03:17]} 43. Bh2 {[%clk 0:08:59]} Rb3 {[%clk 0:03:11]} 44. Kg1
{[%clk 0:08:09]} Rb1+ {[%clk 0:03:15]} 45. Kg2 {[%clk 0:08:15]} f5
{[%clk 0:02:01]} 46. Kh3 {[%clk 0:07:38]} Rb3+ {[%clk 0:02:00]} 47. Kg2
{[%clk 0:07:43]} Kg6 {[%clk 0:01:50]} 48. Ra4 {[%clk 0:07:22]} Kh5
{[%clk 0:01:48]} 49. Rc4 {[%clk 0:07:07]} gxf4 {[%clk 0:01:38]} 50. Bxf4
{[%clk 0:06:50]} Bxf4 {[%clk 0:01:40]} 51. Rxf4 {[%clk 0:06:58]} Kg5
{[%clk 0:01:48]} 52. Rf3 {[%clk 0:06:38]} Rb2+ {[%clk 0:01:42]} 53. Kg1
{[%clk 0:06:42]} Kg4 {[%clk 0:01:49]} 54. Ra3 {[%clk 0:06:20]} f4
{[%clk 0:01:46]} 55. Kf1 {[%clk 0:06:05]} Rc2 {[%clk 0:01:18]} 56. Kg1
{[%clk 0:06:00]} f3 {[%clk 0:01:10]} 57. Ra8 {[%clk 0:05:48]} Rc1+
{[%clk 0:00:30]} 58. Kf2 {[%clk 0:05:54]} Rc2+ {[%clk 0:00:38]} 59. Kf1
{[%clk 0:05:58]} f2 {[%clk 0:00:37]} 60. Rg8+ {[%clk 0:06:04]} Kf3
{[%clk 0:00:40]} 61. Rf8+ {[%clk 0:06:13]} Ke3 {[%clk 0:00:45]} 62. Re8+
{[%clk 0:06:20]} Kd2 {[%clk 0:00:38]} 63. Re2+ {[%clk 0:06:28]} Kd3
{[%clk 0:00:42]} 64. Rxc2 {[%clk 0:06:37]} Kxc2 {[%clk 0:00:51]} 65. Kxf2
{[%clk 0:06:46]} 1/2-1/2

[Event "C10"]
[Site "?"]
[Date "2020.08.28"]
[Round "9.6"]
[White "Majcher, Igor"]
[Black "Wojtacha, Krzysztof"]
[Result "0-1"]
[BlackElo "1287"]
[WhiteElo "1317"]
[LiveChessVersion "1.4.8"]

1. e4 {[%clk 0:15:18]} c5 {[%clk 0:15:19]} 2. Nf3 {[%clk 0:15:25]} e6
{[%clk 0:15:27]} 3. d4 {[%clk 0:15:32]} cxd4 {[%clk 0:15:33]} 4. Nxd4
{[%clk 0:15:38]} a6 {[%clk 0:15:41]} 5. Be3 {[%clk 0:15:40]} Nf6 {[%clk 0:15:47]}
6. f3 {[%clk 0:15:48]} Qc7 {[%clk 0:15:53]} 7. Qd2 {[%clk 0:15:43]} d5
{[%clk 0:15:47]} 8. exd5 {[%clk 0:14:32]} Nxd5 {[%clk 0:15:51]} 9. Bf2
{[%clk 0:14:18]} Bd6 {[%clk 0:15:03]} 10. Bd3 {[%clk 0:14:03]} Nf4
{[%clk 0:14:43]} 11. O-O {[%clk 0:14:02]} Nxd3 {[%clk 0:14:24]} 12. cxd3
{[%clk 0:14:01]} Bxh2+ 13. Kh1 {[%clk 0:14:06]} Bf4 {[%clk 0:14:05]} 14. Qe2
{[%clk 0:13:14]} Qa5 {[%clk 0:13:25]} 15. Be1 {[%clk 0:12:35]} Qh5+
{[%clk 0:13:21]} 16. Kg1 {[%clk 0:12:43]} Qh2+ {[%clk 0:12:47]} 17. Kf2
{[%clk 0:12:50]} Bg3+ {[%clk 0:09:01]} 18. Ke3 {[%clk 0:12:35]} Bxe1
{[%clk 0:09:06]} 19. Rxe1 Qe5+ {[%clk 0:09:10]} 20. Kd2 {[%clk 0:12:37]} Qxd4
{[%clk 0:09:17]} 21. Nc3 {[%clk 0:12:46]} Nc6 {[%clk 0:09:05]} 22. Rac1
{[%clk 0:12:47]} Qf4+ {[%clk 0:09:01]} 23. Kd1 {[%clk 0:12:54]} O-O
{[%clk 0:08:56]} 24. Rh1 {[%clk 0:12:48]} Rd8 {[%clk 0:08:38]} 25. Ne4
{[%clk 0:11:49]} Ne5 {[%clk 0:08:10]} 26. Rc3 {[%clk 0:11:45]} Bd7
{[%clk 0:07:30]} 27. Nf2 {[%clk 0:11:21]} Bb5 {[%clk 0:07:18]} 28. Re1
{[%clk 0:11:04]} f6 {[%clk 0:06:54]} 29. a3 {[%clk 0:10:26]} Rac8
{[%clk 0:06:44]} 30. Rxc8 {[%clk 0:10:10]} Rxc8 {[%clk 0:06:49]} 31. Qd2
{[%clk 0:10:18]} Ba4+ {[%clk 0:06:48]} 32. Ke2 {[%clk 0:10:19]} Rc2
{[%clk 0:06:48]} 33. Qxc2 {[%clk 0:10:27]} Bxc2 {[%clk 0:06:55]} 34. Nh3
{[%clk 0:10:31]} Bxd3+ {[%clk 0:06:58]} 35. Kf2 {[%clk 0:10:38]} Ng4+
{[%clk 0:06:59]} 36. Kg1 {[%clk 0:10:43]} Qh2# {[%clk 0:07:05]} 0-1

[Event "C10"]
[Site "?"]
[Date "2020.08.28"]
[Round "9.7"]
[White "Futyma, Dawid"]
[Black "Kaszuba, Michal"]
[Result "1/2-1/2"]
[BlackElo "1206"]
[WhiteElo "1304"]
[LiveChessVersion "1.4.8"]

1. Nf3 {[%clk 0:15:18]} e6 {[%clk 0:15:19]} 2. e3 {[%clk 0:15:27]} b6
{[%clk 0:15:28]} 3. b3 {[%clk 0:15:29]} Bb7 {[%clk 0:15:37]} 4. Be2
{[%clk 0:15:36]} Be7 {[%clk 0:15:43]} 5. Bb2 {[%clk 0:15:44]} Nf6
{[%clk 0:15:44]} 6. O-O {[%clk 0:15:15]} d5 {[%clk 0:15:50]} 7. d4
{[%clk 0:15:21]} c5 {[%clk 0:15:57]} 8. c4 {[%clk 0:15:24]} Nc6 {[%clk 0:16:00]}
9. cxd5 {[%clk 0:15:13]} exd5 {[%clk 0:16:06]} 10. Nc3 {[%clk 0:14:53]} O-O
{[%clk 0:15:18]} 11. Rc1 {[%clk 0:14:11]} cxd4 {[%clk 0:14:33]} 12. Nxd4
{[%clk 0:14:17]} Nxd4 {[%clk 0:14:22]} 13. Qxd4 {[%clk 0:14:25]} Rc8
{[%clk 0:13:18]} 14. Rfd1 {[%clk 0:14:22]} Bd6 {[%clk 0:12:54]} 15. Bf3
{[%clk 0:14:08]} Re8 {[%clk 0:09:04]} 16. Nxd5 {[%clk 0:14:00]} Bxd5
{[%clk 0:08:16]} 17. Rxc8 {[%clk 0:13:59]} Qxc8 {[%clk 0:08:23]} 18. Bxd5
{[%clk 0:14:05]} Be5 {[%clk 0:08:12]} 19. Qd2 {[%clk 0:13:27]} Nxd5
{[%clk 0:08:17]} 20. Bxe5 {[%clk 0:13:24]} Rxe5 {[%clk 0:08:25]} 21. f4
{[%clk 0:13:06]} Rh5 {[%clk 0:08:12]} 22. e4 {[%clk 0:12:34]} h6 {[%clk 0:03:34]}
23. exd5 {[%clk 0:12:41]} Qc5+ {[%clk 0:03:34]} 24. Kh1 {[%clk 0:12:32]} Qd6
{[%clk 0:03:00]} 25. Qd4 {[%clk 0:10:08]} Rf5 {[%clk 0:02:53]} 26. g3
{[%clk 0:09:53]} g6 {[%clk 0:01:40]} 27. Re1 {[%clk 0:09:14]} Qxd5+
{[%clk 0:01:47]} 28. Qxd5 {[%clk 0:09:14]} Rxd5 {[%clk 0:01:55]} 29. Re2
{[%clk 0:09:17]} Kf8 {[%clk 0:02:00]} 30. Kg2 {[%clk 0:09:24]} f5
{[%clk 0:02:04]} 31. Kf3 {[%clk 0:08:37]} Kf7 {[%clk 0:02:11]} 32. Ke3
{[%clk 0:08:20]} Kf6 {[%clk 0:02:14]} 33. Rc2 {[%clk 0:08:11]} Rd7
{[%clk 0:02:14]} 34. Rc6+ {[%clk 0:08:05]} Kf7 {[%clk 0:02:22]} 35. Rc4
{[%clk 0:07:45]} Kf6 {[%clk 0:01:49]} 36. Rd4 {[%clk 0:07:42]} Ke6
{[%clk 0:00:50]} 37. Rxd7 {[%clk 0:07:27]} Kxd7 {[%clk 0:00:59]} 38. Kd3
{[%clk 0:07:14]} Kd6 {[%clk 0:01:06]} 39. Kd4 {[%clk 0:07:19]} a6
{[%clk 0:00:50]} 40. h4 {[%clk 0:07:24]} h5 {[%clk 0:00:50]} 41. a3
{[%clk 0:07:31]} Ke6 {[%clk 0:00:48]} 42. Kc4 {[%clk 0:07:12]} Kd6
{[%clk 0:00:57]} 43. b4 {[%clk 0:06:37]} Kc6 {[%clk 0:00:51]} 44. Kd4
{[%clk 0:03:42]} Kd6 {[%clk 0:00:57]} 45. a4 {[%clk 0:03:24]} a5 {[%clk 0:00:41]}
46. b5 {[%clk 0:02:55]} Ke6 {[%clk 0:00:45]} 47. Kc4 {[%clk 0:03:02]} Kd6
{[%clk 0:00:54]} 48. Kd4 {[%clk 0:03:05]} Ke6 {[%clk 0:01:03]} 1/2-1/2